01436nam a2200349 i 4500001001000000003000900010005001700019007000300036008004100039020001500080040003000095041000800125082002400133100004600157245012000203264007700323300002800400336002700428337003300455338002800488490002100516500007100537500005800608500007400666586005900740600007000799600005200869600006500921650002400986650002701010700004901037000014134DO-SdBNP20260306095604.0ta090902s1998 dr 001 0 spa d a9768156759 aDO-SdBNPbspacBNPHUerda aspa 4aRD864.44bM663f2221 aMinaya, Nelson Julio,d1948-eautor4aut.10aFranklin Mieses Burgos :b¿maestro de Borges? /cNelson Julio Minaya; presentación, Ligia Amado Melo de Cardona. aSanto Domingo :bSecretaría de Estado de Educación y Cultura,c1998. a211 páginas ;c21 cm. atextobtxt2rdacontent asin mediaciónbn2rdamedia avolumenbnc2rdacarrier1 aPremios anuales. aAntología de poemas de Franklin Mieses Burgos: páginas 85-211. aIncluye datos biográficos del autor en las solapas. aIncluye referencias bibliográficas y notas al pie de las páginas. aPremio anual de ensayo Pedro Henrique Ureña, 1996-9710aMieses Burgos, Franklin,d1907-1976xCrítica e interpretación10aMieses Burgos, Franklin,d1907-1976xInfluencia10aBorges, Jorge Luis,d1899-1986xCrítica e interpretación 4aEnsayos dominicanos 4aLiteratura dominicana.1 aMelo de Cardona, Ligia Amadoepresentación